000 00892nam a2200229 4500
001 39759
003 BD-RjUL
005 20211209053043.0
008 160417b xxu||||| |||| 00| 0 eng d
020 _a9789843332332
_c: Tk. 200.00
035 _a(BD-RjUL)
040 _aBD-RjUL
_bben
_cBD-RjUL
041 _aben
082 _223
_a915.043
_bALS 2012
100 _aআলী, মোঃ নওসাদ
_9120166
245 _aপশ্চিম বঙ্গে ৭৫ দিন :
_b(ভিনদেশে ভ্রমন গ্রন্থ) /
_cমোঃ নওসাদ আলী
260 _aঢাকা :
_bমুক্তদেশ প্রকাশন,
_c২০১২
300 _a[৮], ১৮৪ পৃ. ;
_c১৯ সেমি.
650 _aIndia
_vDescription and travel.
_9122474
650 _aভারত
_vবর্ণনা এবং ভ্রমণ
_9122475
942 _2ddc
_cBK
999 _c39759
_d39759